Reglamento interior del Ministerio de Gracia y Justicia. (Record no. 190105)

MARC details
000 -LEADER
campo de control de longitud fija 00397nam a2200133 i 4500
001 - NÚMERO DE CONTROL
campo de control 190105
003 - IDENTIFICADOR DE NÚMERO DE CONTROL
campo de control ES-MaACL
005 - FECHA Y HORA DE LA ÚLTIMA TRANSACCIÓN
campo de control 20230906223637.0
008 - DATOS DE LONGITUD FIJA--INFORMACIÓN GENERAL
campo de control de longitud fija 200729s1853 sp |||| | spa d
110 0# - ENTRADA PRINCIPAL--NOMBRE DE ENTIDAD CORPORATIVA
Nombre de entidad corporativa o nombre de jurisdicción como elemento de entrada España.
Unidad subordinada Ministerio de Gracia y Justicia.
9 (RLIN) 3873
245 10 - MENCIÓN DEL TÍTULO
Título Reglamento interior del Ministerio de Gracia y Justicia.
260 ## - PUBLICACIÓN, DISTRIBUCIÓN, ETC.
Lugar de publicación, distribución, etc. Madrid :
Nombre del editor, distribuidor, etc. [s.n.],
Fecha de publicación, distribución, etc. 1853.
852 ## - LOCALIZACIÓN
Ubicación ES-MaACL
Número de control de estantería T-801-F-6
Holdings
Estatus retirado Estado de pérdida Estado de daño No para préstamo Colección Biblioteca de origen Biblioteca actual Ubicación en estantería Fecha de adquisición Fuente de adquisición Total de préstamos Signatura topográfica completa Código de barras Visto por última vez Precio de reemplazo Tipo de ítem Koha
        Colección de folletos Biblioteca del Ateneo de Madrid Biblioteca del Ateneo de Madrid Depósito folletos 02/04/2005     T-801-F-6 1201793 23/02/2023 23/02/2023 Folleto